घराणं तमासगिराचं (Record no. 423606)

MARC details
000 -LEADER
fixed length control field 00519nam a2200145Ia 4500
008 - FIXED-LENGTH DATA ELEMENTS--GENERAL INFORMATION
fixed length control field 100122s9999 xx 000 0 und d
082 ## - DEWEY DECIMAL CLASSIFICATION NUMBER
Item number 43579
Classification number 823
100 ## - MAIN ENTRY--PERSONAL NAME
Personal name तासगावकर शशिकांत
245 ## - TITLE STATEMENT
Title घराणं तमासगिराचं
260 ## - PUBLICATION, DISTRIBUTION, ETC. (IMPRINT)
Name of publisher, distributor, etc ग्रंथाली अभिनव वाचक चळवळ
Date of publication, distribution, etc 1989
300 ## - PHYSICAL DESCRIPTION
Extent 115
630 ## - SUBJECT ADDED ENTRY--UNIFORM TITLE
Uniform title घराणं तमासगिराचं
730 ## - ADDED ENTRY--UNIFORM TITLE
Uniform title घराणं तमासगिराचं
942 ## - ADDED ENTRY ELEMENTS (KOHA)
Koha item type Book
Holdings
Withdrawn status Lost status Damaged status Not for loan Home library Current library Date acquired Cost, normal purchase price Total Checkouts Full call number Barcode Date last seen Cost, replacement price Price effective from Koha item type Public note
        S.V. Pathak Library, Vile Parle S.V. Pathak Library, Vile Parle 01/20/1990 30.00   43579 SVPPARLE-43579 01/25/2010 30.00 01/25/2010 Book General NA